Sélectivité des grandes écoles post-prépa - Statistiques

Statistiques générales
  • Ce quiz a été pris 138 fois
  • Le résultat moyen est 8 sur 15
Statistiques - réponses
Rang Score Daur École % Correct
2 99 École Polytechnique
96%
1 100 ENS Ulm
93%
3 98 Mines Paris
76%
7 94 CentraleSupélec
73%
6 94 HEC Paris
67%
4 97 ENS Lyon
56%
11 92 ESSEC Business School
56%
9 93 École Nationale des Ponts
55%
5 94 ENS Paris-Saclay
52%
13 91 ISAE-Supaéro
39%
12 92 Télécom Paris
36%
10 93 ENS Rennes
33%
15 90 ESCP Business School
30%
14 91 ENSTA Paris
28%
8 93 ESPCI Paris
24%
Aucun quiz correspondant
Distribution des résultats
% des personnes avec chaque résultat
Percentile par nombre de réponses
Votre historique - résultats
Vous n’avez pas pris ce quiz